[Event "Medellin Castro Memorial op-B 31st"]
[Site "Medellin"]
[Date "2024.08.10"]
[Round "7"]
[White "Enciso Mona, Mauricio"]
[Black "Molano, Walter Rene"]
[Result "1-0"]
[WhiteElo "1808"]
[BlackElo "1802"]
[PlyCount "47"]
[EventDate "2024.08.07"]
[EventType "swiss"]
[EventRounds "9"]
[EventCountry "COL"]
[SourceTitle "CBM 221 Extra"]
[Source "ChessBase"]
[SourceDate "2024.09.30"]
[SourceVersion "1"]
[SourceVersionDate "2024.09.30"]
[SourceQuality "1"]

1. e4 c5 2. Nf3 d6 3. g3 Nf6 4. d3 e6 5. Bg2 Be7 6. 0-0 0-0 7. Re1 Nbd7 8. c3 a6 9. Nbd2 Rb8 10. d4 cxd4 11. cxd4 b5 12. b3 Bb7 13. Bb2 Qb6 14. Rc1 Rfc8 15. Qe2 d5 16. Ne5 Rd8 17. a3 b4 18. a4 a5 19. exd5 Nxd5 20. Ndc4 Qa7 21. Nxf7 Kxf7 22. Qxe6+ Kf8 23. Bxd5 Bxd5 24. Qxd5 1-0

[Event "Medellin Castro Memorial op-B 31st"]
[Site "Medellin"]
[Date "2024.08.09"]
[Round "4"]
[White "Enciso Mona, Mauricio"]
[Black "Duque, Milton Antonio"]
[Result "1-0"]
[WhiteElo "1808"]
[BlackElo "1882"]
[PlyCount "65"]
[EventDate "2024.08.07"]
[EventType "swiss"]
[EventRounds "9"]
[EventCountry "COL"]
[SourceTitle "CBM 221 Extra"]
[Source "ChessBase"]
[SourceDate "2024.09.30"]
[SourceVersion "1"]
[SourceVersionDate "2024.09.30"]
[SourceQuality "1"]

1. e4 d6 2. d4 Nf6 3. Nc3 g6 4. f4 Bg7 5. Nf3 c5 6. e5 Ng4 7. h3 Nh6 8. dxc5 dxc5 9. Qxd8+ Kxd8 10. Be3 b6 11. 0-0-0+ Bd7 12. g4 Kc8 13. Rh2 Bc6 14. Nd5 Bxd5 15. Rxd5 e6 16. Rd1 a6 17. Ng5 Ra7 18. Rhd2 Rc7 19. b4 Kb7 20. bxc5 bxc5 21. Bg2+ Kc8 22. Nxh7 Nd7 23. Ng5 Nb6 24. Bf1 Kb7 25. Ne4 Bf8 26. Rd8 c4 27. Nd6+ Kc6 28. Bxb6 Kxb6 29. Nxc4+ Ka7 30. R1d7 Rxd7 31. Rxd7+ Kb8 32. Bg2 Bc5 33. Nd6 1-0

[Event "Medellin Castro Memorial op-B 31st"]
[Site "Medellin"]
[Date "2024.08.08"]
[Round "2"]
[White "Enciso Mona, Mauricio"]
[Black "Hurtado, Samuel Alexander"]
[Result "1-0"]
[WhiteElo "1808"]
[BlackElo "1853"]
[PlyCount "37"]
[EventDate "2024.08.07"]
[EventType "swiss"]
[EventRounds "9"]
[EventCountry "COL"]
[SourceTitle "CBM 221 Extra"]
[Source "ChessBase"]
[SourceDate "2024.09.30"]
[SourceVersion "1"]
[SourceVersionDate "2024.09.30"]
[SourceQuality "1"]

1. e4 c5 2. Nf3 d6 3. c3 Nf6 4. Be2 Nc6 5. d4 cxd4 6. cxd4 Nxe4 7. d5 Qa5+ 8. Nc3 Nxc3 9. bxc3 Ne5 10. Nxe5 Qxc3+ 11. Kf1 Qxe5 12. Rb1 e6 13. Qa4+ Ke7 14. Bf4 Qf5 15. Qb4 e5 16. Be3 Qg6 17. Rc1 f5 18. Rc7+ Kf6 19. Qh4+ 1-0

[Event "Medellin Castro Memorial op-B 31st"]
[Site "Medellin"]
[Date "2024.08.07"]
[Round "1"]
[White "Alpala Mejia, David Mauricio"]
[Black "Enciso Mona, Mauricio"]
[Result "1/2-1/2"]
[WhiteElo "1844"]
[BlackElo "1808"]
[PlyCount "94"]
[EventDate "2024.08.07"]
[EventType "swiss"]
[EventRounds "9"]
[EventCountry "COL"]
[SourceTitle "CBM 221 Extra"]
[Source "ChessBase"]
[SourceDate "2024.09.30"]
[SourceVersion "1"]
[SourceVersionDate "2024.09.30"]
[SourceQuality "1"]

1. e4 e5 2. Nf3 Nc6 3. Bb5 Nf6 4. d3 d6 5. 0-0 Be7 6. c3 0-0 7. Nbd2 a6 8. Ba4 b5 9. Bc2 Na5 10. a4 Bb7 11. d4 exd4 12. Nxd4 d5 13. e5 Nd7 14. e6 c5 15. exf7+ Rxf7 16. Ne6 Qb6 17. Re1 Nf8 18. Qe2 Nxe6 19. Qxe6 Qxe6 20. Rxe6 Bf6 21. axb5 axb5 22. Rb6 d4 23. Rxb5 Re7 24. Rxb7 Re1+ 25. Nf1 Rxc1 26. Bb3+ Kf8 27. Rxc1 Nxb7 28. cxd4 Bxd4 29. Bd5 Ra7 30. b4 cxb4 31. Rc8+ Ke7 32. Rc7+ Kd6 33. Rxb7 Kxd5 34. Rxb4 Ra2 35. Ne3+ Bxe3 36. fxe3 Re2 37. Rb7 g6 38. Rxh7 Rxe3 39. Rg7 Re6 40. Kf2 Ke5 41. Kf3 Kf5 42. Rf7+ Kg5 43. g4 Re1 44. Kf2 Rc1 45. h3 Rc2+ 46. Kf1 Rc3 47. Rh7 Rc2 1/2-1/2